Đắc nhân tâm How to win friends and influence people :Quyển sách đầu tiên và hay nhất của mọi thời đại đưa ban đến thành công
Quyển sách đưa ra các lời khuyên về cách thức cư xử, ứng xử và giao tiếp với mọi người để đạt được thành công trong cuộc sống.
Spremljeno u:
| Glavni autor: | |
|---|---|
| Format: | Knjiga |
| Jezik: | Undetermined |
| Izdano: |
Tp.HCM
Tổng hợp Tp. Hồ Chí Minh
2015
|
| Teme: | |
| Online pristup: | http://lrc.tdmu.edu.vn/opac/search/detail.asp?aID=2&ID=26855 |
| Oznake: |
Dodaj oznaku
Bez oznaka, Budi prvi tko označuje ovaj zapis!
|
| Thư viện lưu trữ: | Trung tâm Học liệu Trường Đại học Thủ Dầu Một |
|---|
| LEADER | 01016nam a2200217Ia 4500 | ||
|---|---|---|---|
| 001 | TDMU_26855 | ||
| 008 | 210410s9999 xx 000 0 und d | ||
| 082 | |a 617.1027 | ||
| 090 | |b C109 | ||
| 100 | |a Carnegie, Dale | ||
| 245 | 0 | |a Đắc nhân tâm | |
| 245 | 0 | |b How to win friends and influence people :Quyển sách đầu tiên và hay nhất của mọi thời đại đưa ban đến thành công | |
| 245 | 0 | |c Dale Carnegie | |
| 260 | |a Tp.HCM | ||
| 260 | |b Tổng hợp Tp. Hồ Chí Minh | ||
| 260 | |c 2015 | ||
| 300 | |a 319tr. | ||
| 520 | |a Quyển sách đưa ra các lời khuyên về cách thức cư xử, ứng xử và giao tiếp với mọi người để đạt được thành công trong cuộc sống. | ||
| 650 | |a Bí quyết thành công; Tâm lý học ứng dụng | ||
| 856 | |u http://lrc.tdmu.edu.vn/opac/search/detail.asp?aID=2&ID=26855 | ||
| 980 | |a Trung tâm Học liệu Trường Đại học Thủ Dầu Một | ||